Psychosocial Aspect of Health and Illness (Record no. 156878)

MARC details
000 -LEADER
fixed length control field 00437nam a2200145Ia 4500
008 - FIXED-LENGTH DATA ELEMENTS--GENERAL INFORMATION
fixed length control field 230411s9999 xx 000 0 und d
020 ## - INTERNATIONAL STANDARD BOOK NUMBER
International Standard Book Number 978-81-8220-315-0
041 ## - LANGUAGE CODE
Language code of text/sound track or separate title eng
082 ## - DEWEY DECIMAL CLASSIFICATION NUMBER
Classification number PY/616.89/OJH/UPA/B06465
100 ## - MAIN ENTRY--PERSONAL NAME
Personal name Ojha Sandhya & Upadhyay Shambhu
9 (RLIN) 179135
245 ## - TITLE STATEMENT
Title Psychosocial Aspect of Health and Illness
260 ## - PUBLICATION, DISTRIBUTION, ETC. (IMPRINT)
Name of publisher, distributor, etc. Global Vision Publishing House
Place of publication, distribution, etc. New Delhi
Date of publication, distribution, etc. 2010
300 ## - PHYSICAL DESCRIPTION
Extent 414p
Holdings
Withdrawn status Lost status Damaged status Not for loan Collection code Home library Current library Date acquired Vendor Cost, normal purchase price Bill number Full call number Barcode Date last seen Cost, replacement price Bill Date Koha item type Original Barcode
      Reference   Smt. Bakul Tambat Institute of Nursing Education Smt. Bakul Tambat Institute of Nursing Education 18/11/2010 Pritam Book Centre 2500.00 7255 PY 616.89 OJH UPA B06465 BTIN-BK-6465 11/04/2023 1875.00 18/11/2010 Books B06465